000 00750nam a2200289 a 4500
003 AR-BaBNM
005 20251128205809.0
008 082120s2002 ||||||||||||||000 | spa||
020 _a950-582-344-4
040 _cAR-BaBNM
100 1 _aKirchner, Alicia
245 0 0 _aEl arca de Noé, la familia y el trabajo social
260 _aBuenos Aires
_bHumanitas
_c1995
300 _a149 p.
_bgráfs.
490 0 _aColecciones calidad de vida
504 _aBibliografía: p. 145-147
650 4 _aFAMILIA
650 4 _aGENEALOGIA
650 4 _aHISTORIA
650 4 _aTRABAJO SOCIAL
650 4 _aTRABAJADORES SOCIALES
650 4 _aIDEOLOGIAS
651 4 _aArgentina
700 1 _aArmas, María Elena
942 _cBK
998 _carturo
999 _c12847
_d12847